000 00364nam a2200169Ia 4500
003 IT-RoPAU
008 120407s9999 xx 000 0 und d
040 _aIT-RoPAU
040 _cIT-RoPAU
245 _aIl vangelo dell'anno: Matteo
245 _cAA.VV.
250 _aCasale Monferrato (AL)
260 _aPiemme
300 _c cm
490 _v1
942 _cBK
999 _c9703
_d9703